<?xml version="1.0" encoding="UTF-8"?>
<record
    xmlns:xsi="http://www.w3.org/2001/XMLSchema-instance"
    xsi:schemaLocation="http://www.loc.gov/MARC21/slim http://www.loc.gov/standards/marcxml/schema/MARC21slim.xsd"
    xmlns="http://www.loc.gov/MARC21/slim">

  <leader>00660nam a22001577a 4500</leader>
  <controlfield tag="005">20260514110627.0</controlfield>
  <controlfield tag="008">260514b        |||||||| |||| 00| 0 eng d</controlfield>
  <datafield tag="050" ind1=" " ind2=" ">
    <subfield code="a">THE LB 1028.3 .A34 2026</subfield>
  </datafield>
  <datafield tag="100" ind1=" " ind2=" ">
    <subfield code="a">ADEKA, AUSTIN OTIENO</subfield>
  </datafield>
  <datafield tag="245" ind1=" " ind2=" ">
    <subfield code="a">MANAGERIAL CHALLENGES FACING THE IMPLEMENTATION OF DIGITAL LITERACY IN COMPREHENSIVE SCHOOLS IN RONGO SUB-COUNTY, KENYA.</subfield>
  </datafield>
  <datafield tag="260" ind1=" " ind2=" ">
    <subfield code="a">KISII,</subfield>
    <subfield code="b">KISII UNIVERSITY PRESS,</subfield>
    <subfield code="c">2026.</subfield>
  </datafield>
  <datafield tag="300" ind1=" " ind2=" ">
    <subfield code="a">XVI, 136 P</subfield>
  </datafield>
  <datafield tag="500" ind1=" " ind2=" ">
    <subfield code="a"> INCLUDES  BIBLIOGRAPHIC REFERENCES</subfield>
  </datafield>
  <datafield tag="650" ind1=" " ind2=" ">
    <subfield code="a">1. DIGITAL LITERACY- KENYA-CASE STUDIES. 2. PUBLIC SCHOOLS- KENYA- DIGITAL RESOURCES. 3. INFORMATION TECHNOLOGY-KENYA-EDUCATION USE</subfield>
  </datafield>
  <datafield tag="942" ind1=" " ind2=" ">
    <subfield code="2">lcc</subfield>
    <subfield code="c">REF</subfield>
  </datafield>
  <datafield tag="999" ind1=" " ind2=" ">
    <subfield code="c">217139</subfield>
    <subfield code="d">217139</subfield>
  </datafield>
  <datafield tag="952" ind1=" " ind2=" ">
    <subfield code="0">0</subfield>
    <subfield code="1">0</subfield>
    <subfield code="2">lcc</subfield>
    <subfield code="4">0</subfield>
    <subfield code="6">THE L B  01028.00003 .A00034 02026</subfield>
    <subfield code="7">0</subfield>
    <subfield code="8">SC</subfield>
    <subfield code="9">377466</subfield>
    <subfield code="a">KSUL</subfield>
    <subfield code="b">KSUL</subfield>
    <subfield code="c">DISPLAY</subfield>
    <subfield code="d">2026-05-14</subfield>
    <subfield code="i">113719</subfield>
    <subfield code="l">0</subfield>
    <subfield code="o">THE LB 1028.3 .A34 2026</subfield>
    <subfield code="p">A000409</subfield>
    <subfield code="r">2026-05-14 11:07:36</subfield>
    <subfield code="t">1</subfield>
    <subfield code="w">2026-05-14</subfield>
    <subfield code="y">REF</subfield>
  </datafield>
</record>
